Music Quiz

Random Music or Billboard Quiz

The Weeknd Top 10s Quiz Stats

 Plays Quiz Updated Feb 7, 2021

Support Sporcle.
Go Orange.
Score 0/12 Timer 05:00
2 Plays Today
Year Song Peaked Song % Correct
2020 (#1)Blinding Lights
87.4%
2017 (#1)Starboy
78%
2015 (#1)Can't Feel My Face
74.3%
2015 (#1)The Hills
72.7%
2021 (#1)Save Your Tears
63.8%
2017 (#4)I Feel It Coming
57.1%
2015 (#3)Earned It (Fifty Shades Of Grey)
48.9%
2014 (#7)Love Me Harder
48.3%
2019 (#1)Heartless
43.3%
2018 (#4)Call Out My Name
41.2%
2018 (#7)Pray For Me
40.6%
2020 (#8)Smile
33%

You're not logged in!

Compare scores with friends on all Sporcle quizzes.
OR
Log In

From the Vault

Olympic Medal Table: Figure Skating

by Sporclympics

Ice skates always seemed really dangerous to us.
Remove Ads.
Support Sporcle.
Get the best of Sporcle when you Go Orange. This ad-free experience offers more features, more stats, and more fun while also helping to support Sporcle. Thank you for becoming a member.

Show Comments

Extras

Top Quizzes Today


Score Distribution

Your Account Isn't Verified!

In order to create a playlist on Sporcle, you need to verify the email address you used during registration. Go to your Sporcle Settings to finish the process.

Report this User

Report this user for behavior that violates our Community Guidelines.

Details: